=LDR 00000nam 2200000 4500 =001 NUTBA000000000003194 =005 20200213094348 =035 ##$$a 0010-081400000000038 =008 200213################g##########0#ind## =020 ##$$a 978-979-99744-9-5 =082 ##$$a 153.8 =100 ##$$a Wongso, andrie =245 1#$$a Dua puluh dua wisdom dan success : $b Classical motivation stories lima /$c Wongso, andrie; editor agoeng widyatmoko =250 ##$$a Cet.1 =260 ##$$a Jakarta :$b Publishing,$c 2010 =300 ##$$a XIII, 184 Hlm : $b ilus ; $c 14 x 21 cm. =850 ##$$a NBPNMAT =084 ##$$a 153.8 WON d =650 #4$$a Motivasi - sukses =990 ##$$a 92133/BPAP-NTB/2014 =990 ##$$a 0001/BPAP-NTB/20142014 =990 ##$$a 21108910/ Pb - 2011 =990 ##$$a 0001/BPAP-NTB/20142014 =990 ##$$a 92133/BPAP-NTB/2014 =990 ##$$a 21108910/ Pb - 2011